Random Quiz. - Statistics

General Stats
  • This quiz has been taken 21 times
  • The average score is 25 of 27
Answer Stats
Question Tile Select % Correct
Which of these is the Polish flag? No
100%
Which of these is the Polish flag? No
100%
Which of these is the Polish flag? No
100%
Which of these is the Polish flag? No
100%
Which of these is the Polish flag? No
100%
Which of these is the Polish flag? No
100%
Which of these is the Polish flag? No
100%
Which of these is a peony flower? No
100%
Which of these is a peony flower? No
100%
Which of these is a peony flower? No
100%
Which of these is a peony flower? No
100%
First digits of pi? 3.1514926535897932384... No
100%
First digits of pi? 3.4145826535897832384... No
100%
First digits of pi? 3.5152487972526323094... No
100%
First digits of pi? 3.5157265358978935384... No
100%
First digits of pi? 3.5852346975266832394... No
100%
First digits of pi? π No
94%
Which of these is a peony flower? No
94%
First digits of pi? 1.9695283742806311574... No
94%
Which of these is a peony flower? No
88%
Which of these is a peony flower? No
81%
First digits of pi? 3.1415926535897932384... Yes
81%
First digits of pi? 5.1415926535897932384... No
81%
Which of these is a peony flower? No
75%
Which of these is the Polish flag? No
69%
Which of these is the Polish flag? Yes
69%
Which of these is a peony flower? Yes
38%
No matching quizzes found
Score Distribution
Percent of People with Each Score
Percentile by Number Answered
Your Score History
You have not taken this quiz